[Event "St Petersburg Chigorin CC-ch"]
[Site "St Petersburg"]
[Date "2008.05.20"]
[Round "6"]
[White "Krasnov, Vasiliy G"]
[Black "Stroganov, Anatoly"]
[Result "1-0"]
[WhiteElo "2123"]
[BlackElo "1946"]
[PlyCount "49"]
[EventDate "2008.05.13"]
[EventType "swiss"]
[EventRounds "9"]
[EventCountry "RUS"]
[SourceTitle "CBM 124 Extra"]
[Source "ChessBase"]
[SourceDate "2008.07.03"]
[SourceVersion "1"]
[SourceVersionDate "2008.07.03"]
[SourceQuality "1"]

1. d4 f5 2. Bg5 g6 3. e3 Bg7 4. h4 Nf6 5. Nc3 d5 6. Be2 h5 7. Nh3 Be6 8. Nf4 Bf7 9. Qd3 c6 10. f3 Nbd7 11. 0-0-0 Qc7 12. g4 e5 13. gxf5 exf4 14. Bxf4 Qd8 15. fxg6 Be6 16. e4 Nb6 17. e5 Nfd7 18. Bg5 Qc7 19. f4 Rf8 20. Bxh5 Bf5 21. Qe2 Rh8 22. Bg4 Bxg6 23. f5 Bh7 24. h5 Nc4 25. h6 1-0

[Event "St Petersburg Chigorin CC-ch"]
[Site "St Petersburg"]
[Date "2008.05.14"]
[Round "2"]
[White "Krasnov, Vasiliy G"]
[Black "Zakharov, Yuri Vasilievich"]
[Result "0-1"]
[WhiteElo "2123"]
[BlackElo "2085"]
[PlyCount "152"]
[EventDate "2008.05.13"]
[EventType "swiss"]
[EventRounds "9"]
[EventCountry "RUS"]
[SourceTitle "CBM 124 Extra"]
[Source "ChessBase"]
[SourceDate "2008.07.03"]
[SourceVersion "1"]
[SourceVersionDate "2008.07.03"]
[SourceQuality "1"]

1. d4 Nf6 2. Bg5 g6 3. Nc3 d5 4. Nf3 Bg7 5. e3 c6 6. Bd3 Qb6 7. a3 Bg4 8. 0-0 0-0 9. h3 Bxf3 10. gxf3 Nbd7 11. f4 c5 12. Bxf6 Nxf6 13. Na4 Qc6 14. f5 gxf5 15. Nxc5 Qc8 16. Qf3 e6 17. Kh1 Kh8 18. Rg1 Qc7 19. c3 b6 20. Nb3 Rg8 21. Rg2 Bh6 22. Rag1 Rg6 23. Nd2 Rag8 24. Qe2 Rxg2 25. Rxg2 Rxg2 26. Kxg2 Qd8 27. Qf3 Qg8+ 28. Qg3 Qxg3+ 29. Kxg3 Ne4+ 30. Bxe4 fxe4 31. c4 Bf8 32. f3 exf3 33. Kxf3 dxc4 34. Nxc4 f6 35. b4 Kg7 36. b5 Kf7 37. e4 Ke7 38. h4 Kd7 39. Kg4 Bh6 40. a4 Bg7 41. Kh5 Bf8 42. Kg4 Bh6 43. h5 Ke7 44. Kf3 Bg7 45. Ke3 Bh6+ 46. Kf3 Bg7 47. a5 bxa5 48. Nxa5 Kd6 49. Nc4+ Kc7 50. d5 exd5 51. exd5 Bh6 52. Ke4 Kd7 53. Kf5 Bg5 54. Ke4 Bh4 55. h6 Bg5 56. Kf5 Bxh6 57. Kxf6 Bf8 58. Kf7 Bc5 59. Kg7 h5 60. Kf6 h4 61. Kf5 h3 62. Ne5+ Kd6 63. Nf3 Bg1 64. Ng5 h2 65. Ne4+ Kxd5 66. Ng3 Kc5 67. Ke4 Kxb5 68. Kf3 a5 69. Kg2 a4 70. Ne2 Kc4 71. Nc1 a3 72. Kh1 Kc3 73. Na2+ Kb2 74. Nb4 Kb3 75. Nd3 Be3 76. Kxh2 a2 0-1

[Event "St Petersburg op"]
[Site "St Petersburg"]
[Date "2007.11.01"]
[Round "6"]
[White "Alekseenko, Kirill"]
[Black "Krasnov, Vasiliy G"]
[Result "1-0"]
[WhiteElo "2052"]
[BlackElo "2141"]
[PlyCount "115"]
[EventDate "2007.10.27"]
[EventType "swiss"]
[EventRounds "9"]
[EventCountry "RUS"]
[SourceTitle "CBM 121 Extra"]
[Source "ChessBase"]
[SourceDate "2008.01.10"]
[SourceVersion "1"]
[SourceVersionDate "2008.01.10"]
[SourceQuality "1"]

1. e4 c5 2. Nf3 e6 3. d4 cxd4 4. Nxd4 Nf6 5. Nc3 d6 6. g4 h6 7. h4 a6 8. a4 Nc6 9. Rg1 d5 10. exd5 Nxd5 11. Nxd5 Qxd5 12. Bg2 Qe5+ 13. Ne2 Bc5 14. f4 Qf6 15. Rh1 e5 16. Qd5 Qe7 17. f5 h5 18. Ng3 hxg4 19. Ne4 Bb4+ 20. c3 Bxf5 21. cxb4 Rd8 22. Qc5 Qe6 23. Ng5 Qd6 24. Qxd6 Rxd6 25. Ne4 Rd4 26. Ng3 Bc2 27. Bxc6+ bxc6 28. Bd2 Rd3 29. Nf5 Rh3 30. Rxh3 gxh3 31. Ne3 h2 32. Kf2 Be4 33. Ng2 Rxh4 34. Nxh4 h1Q 35. Rxh1 Bxh1 36. Bc3 f6 37. Nf5 Kf7 38. Nd6+ Ke7 39. Nb7 Bd5 40. Nc5 Bc4 41. b3 Be6 42. Nxa6 Bxb3 43. a5 Kd6 44. Nc5 Bc4 45. a6 Bxa6 46. Nxa6 g5 47. Nc5 f5 48. Nd3 e4 49. Ne5 Kd5 50. Nf7 Kc4 51. Be1 f4 52. Nxg5 Kd3 53. Ne6 f3 54. Nd8 Kc2 55. Nxc6 Kd1 56. b5 e3+ 57. Kxe3 Kxe1 58. Kxf3 1-0

[Event "St Petersburg Autumn op"]
[Site "St Petersburg"]
[Date "2006.11.08"]
[Round "9"]
[White "Ivanov, Viktor P"]
[Black "Krasnov, Vasiliy G"]
[Result "1-0"]
[WhiteElo "2077"]
[BlackElo "2172"]
[PlyCount "91"]
[EventDate "2006.10.31"]
[EventType "swiss"]
[EventRounds "9"]
[EventCountry "RUS"]
[SourceTitle "EXT 2007"]
[Source "ChessBase"]
[SourceDate "2006.11.23"]
[SourceVersion "1"]
[SourceVersionDate "2006.11.23"]
[SourceQuality "1"]

1. d4 d6 2. Nf3 g6 3. Bg5 Bg7 4. e4 c6 5. c3 Bg4 6. Nbd2 Qc7 7. h3 Bxf3 8. Nxf3 Nd7 9. Bc4 Ngf6 10. Qe2 e5 11. dxe5 dxe5 12. 0-0 0-0 13. b4 Rfe8 14. a4 a5 15. Rfe1 h6 16. Bh4 Nh5 17. Qa2 Nb6 18. b5 g5 19. Bg3 Re7 20. Rac1 Rd8 21. Kh2 Nf4 22. Re3 Bf6 23. bxc6 bxc6 24. Bf1 Ng6 25. Rd3 h5 26. Rxd8+ Qxd8 27. Kg1 Rd7 28. Qb3 Kg7 29. Be2 Rb7 30. Rb1 Rb8 31. Qc2 Qd6 32. Qa2 Qc5 33. Qa1 Rd8 34. Rd1 Nf4 35. Bxf4 Rxd1+ 36. Bxd1 exf4 37. Nd4 h4 38. Bh5 Nc4 39. Nf5+ Kf8 40. Qb1 Qb6 41. Qd3 Qb3 42. Qd7 Nb6 43. Qd6+ Ke8 44. Qxf6 Qb1+ 45. Kh2 Qxe4 46. Nd6+ 1-0

[Event "Chigorin Memorial-B 14th"]
[Site "St Petersburg"]
[Date "2006.10.29"]
[Round "8"]
[White "Krasnov, Vasiliy G"]
[Black "Vunder, Yakov"]
[Result "0-1"]
[WhiteElo "2172"]
[BlackElo "2248"]
[PlyCount "92"]
[EventDate "2006.10.23"]
[EventType "swiss"]
[EventRounds "9"]
[EventCountry "RUS"]
[SourceTitle "EXT 2007"]
[Source "ChessBase"]
[SourceDate "2006.11.23"]
[SourceVersion "1"]
[SourceVersionDate "2006.11.23"]
[SourceQuality "1"]

1. d4 d5 2. Nf3 e6 3. Bg5 Be7 4. h4 Nf6 5. e3 c5 6. c3 Qb6 7. Qb3 Nc6 8. Nbd2 0-0 9. h5 h6 10. Bf4 Qxb3 11. axb3 Bd7 12. Be2 Rfc8 13. Ne5 Nxe5 14. Bxe5 cxd4 15. exd4 a5 16. Ra2 a4 17. 0-0 axb3 18. Rxa8 Rxa8 19. Nxb3 Ra2 20. Ra1 Rxb2 21. Ra8+ Ne8 22. Bd1 Rb1 23. Ra1 Rxa1 24. Nxa1 Ba3 25. Bb3 Bb2 26. Nc2 Bxc3 27. f3 Bb5 28. Kf2 f6 29. Bf4 f5 30. Be5 Kf7 31. Na3 Bc6 32. Ke3 Nf6 33. Bxf6 Kxf6 34. f4 Be8 35. Bd1 Bb2 36. Nb1 Bb5 37. g4 Bc1+ 38. Nd2 Bc4 39. Bc2 b5 40. Bb1 b4 41. Bc2 b3 42. Bd3 b2 43. Bb1 Ke7 44. Bc2 Ba2 45. Kd3 Bxd2 46. Kxd2 b1Q 0-1

[Event "Chigorin Memorial-B 14th"]
[Site "St Petersburg"]
[Date "2006.10.28"]
[Round "7"]
[White "Krasnov, Vasiliy G"]
[Black "Tjoelsen, Katrine"]
[Result "1-0"]
[WhiteElo "2172"]
[BlackElo "2051"]
[PlyCount "117"]
[EventDate "2006.10.23"]
[EventType "swiss"]
[EventRounds "9"]
[EventCountry "RUS"]
[SourceTitle "EXT 2007"]
[Source "ChessBase"]
[SourceDate "2006.11.23"]
[SourceVersion "1"]
[SourceVersionDate "2006.11.23"]
[SourceQuality "1"]

1. d4 Nf6 2. Bg5 c5 3. Bxf6 exf6 4. c3 d5 5. dxc5 Bxc5 6. e3 Nc6 7. Nd2 0-0 8. Nb3 Bb6 9. Ne2 Bg4 10. h3 Bxe2 11. Bxe2 Ne5 12. a4 Nc4 13. Bxc4 dxc4 14. Qxd8 Raxd8 15. Nd2 Rc8 16. a5 Bd8 17. Ra4 Rc5 18. Nxc4 Bc7 19. Ke2 Rd8 20. Rha1 f5 21. g3 Rdd5 22. h4 Kf8 23. Rb4 Ke8 24. Rxb7 Rxc4 25. Rxa7 Rb5 26. Ra2 Bb8 27. Ra8 Rc7 28. Kd3 Rd5+ 29. Kc2 Rb5 30. Ra4 Kd7 31. c4 Kc6 32. Kb1 Rb3 33. a6 Ra7 34. Rxa7 Bxa7 35. Kc2 Rb8 36. b4 g6 37. Kc3 Rd8 38. Ra1 Rd7 39. c5 Kc7 40. h5 g5 41. h6 Re7 42. Kc4 Re4+ 43. Kb5 Re6 44. Rh1 Re5 45. Rh5 f6 46. Rh1 Rd5 47. Re1 Bb8 48. Re2 Ba7 49. f4 g4 50. e4 fxe4 51. Rxe4 f5 52. Re6 Kd7 53. Rf6 Ke7 54. Rc6 Kd7 55. Rg6 Kc7 56. Rg7+ Rd7 57. Kc4 Kc8 58. b5 Rc7 59. Rxc7+ 1-0

[Event "Chigorin Memorial-B 14th"]
[Site "St Petersburg"]
[Date "2006.10.27"]
[Round "6"]
[White "Sariyev, Riad"]
[Black "Krasnov, Vasiliy G"]
[Result "0-1"]
[WhiteElo "1927"]
[BlackElo "2172"]
[PlyCount "96"]
[EventDate "2006.10.23"]
[EventType "swiss"]
[EventRounds "9"]
[EventCountry "RUS"]
[SourceTitle "EXT 2007"]
[Source "ChessBase"]
[SourceDate "2006.11.23"]
[SourceVersion "1"]
[SourceVersionDate "2006.11.23"]
[SourceQuality "1"]

1. e4 c5 2. Nf3 e6 3. d4 cxd4 4. Nxd4 Nf6 5. Nc3 d6 6. Be3 a6 7. Be2 Be7 8. 0-0 0-0 9. a4 Nc6 10. Nb3 b6 11. f4 Bb7 12. Bf3 Qc7 13. Qe1 Nd7 14. Nd4 Rac8 15. Qf2 Na5 16. f5 e5 17. Nde2 Nc4 18. Bc1 d5 19. Qg3 d4 20. Nd1 Kh8 21. Kh1 Nf6 22. Nf2 Rfd8 23. Re1 h6 24. Qh3 Nh7 25. Ng4 f6 26. Ng3 Nd6 27. Nh5 Bf8 28. Re2 a5 29. Qg3 Ba6 30. Rf2 Nf7 31. h4 Nd6 32. Nh2 Bc4 33. Qh3 Bf7 34. g4 Qc5 35. Bg2 Rc7 36. Nf1 Rdc8 37. b3 Qc3 38. Qxc3 Rxc3 39. Ba3 Rxc2 40. Rxc2 Rxc2 41. Rc1 Rxc1 42. Bxc1 Bxb3 43. Nd2 Bxa4 44. Ba3 b5 45. Bc5 Nc4 46. Bxf8 Nxf8 47. Nf3 Bc2 48. Ng3 a4 0-1

[Event "Chigorin Memorial-B 14th"]
[Site "St Petersburg"]
[Date "2006.10.24"]
[Round "2"]
[White "Krasnov, Vasiliy G"]
[Black "Efremova, Daria"]
[Result "1/2-1/2"]
[WhiteElo "2172"]
[BlackElo "2003"]
[PlyCount "77"]
[EventDate "2006.10.23"]
[EventType "swiss"]
[EventRounds "9"]
[EventCountry "RUS"]
[SourceTitle "EXT 2007"]
[Source "ChessBase"]
[SourceDate "2006.11.23"]
[SourceVersion "1"]
[SourceVersionDate "2006.11.23"]
[SourceQuality "1"]

1. Nf3 Nf6 2. b3 g6 3. Bb2 Bg7 4. g3 d6 5. Bg2 0-0 6. 0-0 e5 7. d3 Bg4 8. h3 Bxf3 9. Bxf3 c6 10. c4 Re8 11. Nd2 Nbd7 12. Ne4 Nf8 13. Ba3 Nxe4 14. dxe4 d5 15. Bxf8 Kxf8 16. Qc2 Qe7 17. c5 f5 18. exd5 e4 19. d6 Qd7 20. Bg2 Bxa1 21. Rxa1 b6 22. e3 Re5 23. b4 Rb8 24. Bf1 bxc5 25. bxc5 Qb7 26. Qa4 Rxc5 27. Qd4 Rd5 28. Qh8+ Kf7 29. Qxh7+ Kf6 30. Qh4+ Kg7 31. Rb1 Qxb1 32. Qe7+ Kg8 33. Qe6+ Kh7 34. Qe7+ Kg8 35. Qe6+ Kf8 36. Qf6+ Kg8 37. Qxg6+ Kh8 38. Qh6+ Kg8 39. Qg6+ 1/2-1/2

[Event "St Petersburg White Nights op"]
[Site "St Petersburg"]
[Date "2006.07.01"]
[Round "9"]
[White "Krasnov, Vasiliy G"]
[Black "Vunder, Yakov"]
[Result "0-1"]
[WhiteElo "2141"]
[BlackElo "2244"]
[PlyCount "124"]
[EventDate "2006.06.23"]
[EventType "swiss"]
[EventRounds "9"]
[EventCountry "RUS"]
[SourceTitle "CBM 112 Extra"]
[Source "ChessBase"]
[SourceDate "2006.07.14"]
[SourceVersion "1"]
[SourceVersionDate "2006.07.14"]
[SourceQuality "1"]

1. Nf3 Nf6 2. g3 d5 3. Bg2 c5 4. 0-0 e6 5. d3 Nc6 6. Nbd2 Be7 7. Re1 Qc7 8. e4 b6 9. c3 Ba6 10. Bf1 dxe4 11. dxe4 Bxf1 12. Nxf1 0-0 13. e5 Nd7 14. Qe2 Qb7 15. a4 Rad8 16. Bf4 Na5 17. h4 c4 18. N3d2 Qc6 19. Ne3 Rc8 20. Red1 Rfd8 21. Qf3 Qxf3 22. Nxf3 Nc5 23. Rxd8+ Rxd8 24. Bg5 Bxg5 25. hxg5 Kf8 26. Kg2 Nd3 27. Rb1 Rc8 28. Kf1 Rc5 29. Ng4 Nc6 30. Nd2 Ndxe5 31. Nxe5 Nxe5 32. Ke2 Nc6 33. f4 Ne7 34. Rh1 Kg8 35. Kf3 Nf5 36. g4 Nd6 37. Rd1 Kf8 38. Ne4 Nxe4 39. Kxe4 Ke7 40. Rd4 f6 41. gxf6+ gxf6 42. f5 h6 43. fxe6 Kxe6 44. Kf4 f5 45. g5 hxg5+ 46. Kxg5 Ke5 47. Kh4 a6 48. Kg3 b5 49. axb5 axb5 50. Rd1 Ke4 51. Kf2 Rd5 52. Re1+ Kd3 53. Re2 f4 54. Kf3 Rh5 55. Rg2 Re5 56. Kxf4 Re2 57. Rg3+ Kc2 58. Kf3 Rd2 59. Rg5 Kxb2 60. Rxb5+ Kxc3 61. Ke3 Rd8 62. Ke2 Kc2 0-1

[Event "St Petersburg White Nights op"]
[Site "St Petersburg"]
[Date "2006.06.27"]
[Round "5"]
[White "Krasnov, Vasiliy G"]
[Black "Meiling, Yakov"]
[Result "1-0"]
[WhiteElo "2141"]
[BlackElo "1974"]
[PlyCount "93"]
[EventDate "2006.06.23"]
[EventType "swiss"]
[EventRounds "9"]
[EventCountry "RUS"]
[SourceTitle "CBM 112 Extra"]
[Source "ChessBase"]
[SourceDate "2006.07.14"]
[SourceVersion "1"]
[SourceVersionDate "2006.07.14"]
[SourceQuality "1"]

1. d4 d5 2. Nf3 Nf6 3. Bf4 c5 4. e3 Qb6 5. b3 Nc6 6. h3 Bf5 7. a3 e6 8. Be2 cxd4 9. exd4 Be7 10. 0-0 0-0 11. Nc3 Rac8 12. Na4 Qa5 13. Bd3 Bxd3 14. Qxd3 Ne4 15. c4 Qa6 16. Rfd1 Bf6 17. Rac1 Be7 18. c5 Qxd3 19. Rxd3 Bd8 20. b4 b5 21. cxb6 Bxb6 22. Nc5 Ne7 23. Re1 Nf6 24. g4 h6 25. Ne5 Nc6 26. Kg2 Rfd8 27. f3 Re8 28. Rc1 Nxe5 29. Bxe5 Nd7 30. Bf4 Nf6 31. Rdc3 Red8 32. a4 a6 33. Be5 a5 34. b5 Ne8 35. Bf4 Nd6 36. Bxd6 Rxd6 37. Nb7 Rxc3 38. Rxc3 Rd7 39. Rc8+ Kh7 40. Nc5 Rc7 41. Rxc7 Bxc7 42. Nd7 f6 43. b6 Bd6 44. b7 e5 45. b8Q Bxb8 46. Nxb8 Kg6 47. Nc6 1-0

[Event "St Petersburg Autumn op"]
[Site "St Petersburg"]
[Date "2005.10.30"]
[Round "2"]
[White "Krasnov, Vasiliy G"]
[Black "Karasev, Vladimir I"]
[Result "0-1"]
[WhiteElo "2142"]
[BlackElo "2383"]
[PlyCount "118"]
[EventDate "2005.10.29"]
[EventType "swiss"]
[EventRounds "9"]
[EventCountry "RUS"]
[SourceTitle "EXT 2006"]
[Source "ChessBase"]
[SourceDate "2005.11.24"]
[SourceVersion "1"]
[SourceVersionDate "2005.11.24"]
[SourceQuality "1"]

1. d4 f5 2. c4 Nf6 3. Nc3 g6 4. g3 Bg7 5. Bg2 0-0 6. Nh3 d6 7. d5 Nbd7 8. Bd2 Nc5 9. f3 e5 10. b4 Na6 11. a3 c6 12. 0-0 cxd5 13. cxd5 Qb6+ 14. Kh1 Nc7 15. Qb3 Bd7 16. a4 a5 17. b5 Na6 18. Rad1 Rac8 19. Qa2 Nb4 20. Qb3 h6 21. Nf2 Kh7 22. e4 Qd4 23. Ne2 Qc4 24. Qxc4 Rxc4 25. Rc1 Nc2 26. Nc3 Nd4 27. Rb1 h5 28. Rfc1 Bh6 29. f4 Rfc8 30. Nh3 fxe4 31. Ng5+ Bxg5 32. fxg5 e3 33. Bxe3 Ng4 34. Ne4 Nxe3 35. Rxc4 Rxc4 36. Nf6+ Kg7 37. Nxd7 Nxg2 38. Kxg2 Rc2+ 39. Kf1 Rxh2 40. Re1 Nf5 41. Kg1 Rc2 42. Nf6 Kf7 43. g4 Ng3 44. Ne4 Nxe4 45. Rxe4 Rc5 46. Re3 hxg4 47. Re2 Rxd5 48. Rf2+ Ke7 49. Rf6 e4 50. Rf4 Re5 51. Rxg4 d5 52. Kf2 d4 53. Ke2 Ke6 54. Rf4 Rxg5 55. Rf8 Rg2+ 56. Kf1 Rc2 57. Rb8 d3 58. Rxb7 Rc1+ 59. Kf2 d2 0-1

[Event "Chigorin Memorial 13th"]
[Site "St Petersburg"]
[Date "2005.10.15"]
[Round "1"]
[White "Yudin, Sergei"]
[Black "Krasnov, Vasiliy G"]
[Result "1-0"]
[WhiteElo "2449"]
[BlackElo "2142"]
[PlyCount "65"]
[EventDate "2005.10.15"]
[EventType "swiss"]
[EventRounds "9"]
[EventCountry "RUS"]
[SourceTitle "CBM 108 Extra"]
[Source "ChessBase"]
[SourceDate "2005.11.04"]
[SourceVersion "1"]
[SourceVersionDate "2005.11.04"]
[SourceQuality "1"]

1. e4 c5 2. c3 d5 3. exd5 Qxd5 4. d4 cxd4 5. cxd4 Nc6 6. Nf3 e6 7. Nc3 Bb4 8. Bd3 Nf6 9. 0-0 Qd8 10. a3 Be7 11. Re1 0-0 12. Bc2 a6 13. Qd3 g6 14. Bh6 Re8 15. Rad1 Nd5 16. h4 Nxc3 17. bxc3 Bxa3 18. h5 Be7 19. Qe4 Qd5 20. hxg6 hxg6 21. Qh4 Qh5 22. g4 Qd5 23. Ng5 Bxg5 24. Bxg5 f5 25. gxf5 gxf5 26. Qh2 Re7 27. Bxe7 Nxe7 28. Rd3 Kf8 29. Qh8+ Ng8 30. Rg3 e5 31. Rxe5 Qf7 32. Bb3 Qxb3 33. Qg7# 1-0

[Event "St Petersburg White Nights op"]
[Site "St Petersburg"]
[Date "2005.06.25"]
[Round "8"]
[White "Zakharov, Yuri Vasilievich"]
[Black "Krasnov, Vasiliy G"]
[Result "1-0"]
[WhiteElo "2020"]
[BlackElo "2208"]
[PlyCount "95"]
[EventDate "2005.06.18"]
[EventType "swiss"]
[EventRounds "9"]
[EventCountry "RUS"]
[SourceTitle "CBM 106 Extra"]
[Source "ChessBase"]
[SourceDate "2005.07.01"]
[SourceVersion "1"]
[SourceVersionDate "2005.07.01"]
[SourceQuality "1"]

1. Nf3 Nf6 2. g3 g6 3. Bg2 Bg7 4. 0-0 0-0 5. c4 d6 6. d4 c6 7. Nc3 Nbd7 8. Qc2 e5 9. dxe5 dxe5 10. Rb1 a5 11. Rd1 Re8 12. Ng5 Qc7 13. b3 Bf8 14. a3 Nc5 15. b4 axb4 16. axb4 Ne6 17. Nce4 Nxe4 18. Nxe4 Be7 19. c5 Nd4 20. Rxd4 exd4 21. Bf4 Qd8 22. Rd1 Bf5 23. Qc4 Bxe4 24. Bxe4 Bf6 25. Bf3 Qc8 26. Kg2 h5 27. Bd6 Qd7 28. h4 Ra3 29. Rxd4 Bxd4 30. Qxd4 Qe6 31. Qf4 Rb3 32. e3 Kg7 33. Qd4+ Qf6 34. Qc4 Rb2 35. Bf4 Ra8 36. Bg5 Qe5 37. Bf4 Qf6 38. Bg5 Qe5 39. Bf4 Qf6 40. Bg5 Qxg5 41. hxg5 Raa2 42. Qd4+ Kh7 43. e4 Rd2 44. Qe3 Rdb2 45. e5 Kg7 46. Be4 Rxb4 47. e6 Kf8 48. Qf4 1-0

[Event "RUS-ch Silent"]
[Site "Kazan"]
[Date "2004.10.09"]
[Round "1"]
[White "Kudriavtsev, Yury"]
[Black "Krasnov, Vasiliy G"]
[Result "0-1"]
[WhiteElo "1962"]
[BlackElo "2219"]
[PlyCount "74"]
[EventDate "2004.10.09"]
[EventType "swiss"]
[EventRounds "9"]
[EventCountry "RUS"]
[SourceTitle "EXT 2006"]
[Source "ChessBase"]
[SourceDate "2005.11.24"]
[SourceVersion "1"]
[SourceVersionDate "2005.11.24"]
[SourceQuality "1"]

1. e4 c5 2. Nf3 e6 3. d4 cxd4 4. Nxd4 Nf6 5. Nc3 d6 6. Bg5 a6 7. Be2 Be7 8. Qd2 b5 9. f3 0-0 10. a3 Bb7 11. 0-0 Nbd7 12. Kh1 Rc8 13. Rad1 Re8 14. Rfe1 Qc7 15. Rc1 Nb6 16. Be3 d5 17. exd5 Nbxd5 18. Nxd5 Nxd5 19. Bg1 h6 20. c4 Bg5 21. Qc2 Bxc1 22. Rxc1 Nf4 23. Bf1 e5 24. Ne2 Qxc4 25. Qxc4 Rxc4 26. Rxc4 bxc4 27. Nxf4 exf4 28. Bxc4 Re1 29. h4 Rb1 30. b3 g5 31. hxg5 hxg5 32. Kh2 Kg7 33. Bd4+ f6 34. Bc5 Rb2 35. Kh3 Kg6 36. b4 f5 37. Bf1 Rb1 0-1

[Event "Kiev ECCCD-ch 16th"]
[Site "Kiev"]
[Date "2003.04.19"]
[Round "5.2"]
[White "Kudriashov, Sergey"]
[Black "Krasnov, Vasiliy G"]
[Result "1-0"]
[WhiteElo "2232"]
[BlackElo "2189"]
[PlyCount "73"]
[EventDate "2003.04.17"]
[EventType "team"]
[EventRounds "7"]
[EventCountry "UKR"]
[SourceTitle "EXT 2004"]
[Source "ChessBase"]
[SourceDate "2003.11.25"]
[SourceVersion "1"]
[SourceVersionDate "2003.11.25"]
[SourceQuality "1"]

1. Nf3 c5 2. g3 b6 3. Bg2 Bb7 4. 0-0 g6 5. d3 Bg7 6. e4 d5 7. exd5 Bxd5 8. Nc3 Bc6 9. Bg5 h6 10. Bf4 g5 11. Bd2 Nd7 12. h4 g4 13. Ne1 Bxg2 14. Nxg2 h5 15. Ne3 Ne5 16. f4 gxf3 17. Nf5 Bf6 18. Ne4 Qd7 19. Rxf3 Nxf3+ 20. Qxf3 Rd8 21. Rf1 Qd5 22. b3 Bd4+ 23. Kh1 Nf6 24. Nxd4 Nxe4 25. dxe4 Qe5 26. Nc6 Qe6 27. Nxd8 Qh3+ 28. Kg1 Kxd8 29. Bf4 Ke8 30. e5 Qc8 31. Bg5 Rh7 32. c4 Kf8 33. Kh2 a6 34. Bh6+ Ke8 35. Bg5 Kf8 36. Qe4 Kg8 37. Bxe7 1-0